Christmas Decorations - Statistics

General Stats
  • This quiz has been taken 116 times
  • The average score is 6 of 11
Answer Stats
Hint Answer % Correct
fun to open presents
84%
food for Santa cookies
83%
a drink for Santa milk
79%
hangs from the chimney stocking
79%
Cold, but fun to make snowman
60%
food for the reindeers carrots
59%
Belongs in the wild tree
51%
To go on the Christmas tree baubles
28%
yummy to eat candy cane
25%
where you can warm your feet chimney
21%
Santa puts the presents sack
18%
No matching quizzes found
Score Distribution
Percent of People with Each Score
Percentile by Number Answered
Your Score History
You have not taken this quiz